[Event "Sparkassen Open"]
[Site "Nettetal GER"]
[Date "2010.07.11"]
[Round "9"]
[White "Wittenberg,A"]
[Black "Kovalyov,A"]
[Result "0-1"]
[WhiteElo "2143"]
[BlackElo "2599"]

1.d4 Nf6 2.Nf3 e6 3.g3 d5 4.Bg2 Be7 5.c4 O-O 6.O-O c6 7.Qc2 b6 8.Rd1 Nbd7
9.b3 a5 10.Nbd2 Bb7 11.e4 a4 12.Bb2 Qb8 13.e5 Ne8 14.cxd5 cxd5 15.Rac1 a3
16.Bc3 Ba6 17.Nf1 Nc7 18.Qd2 Qd8 19.Bb4 Nb8 20.Rc2 Bb5 21.Rdc1 Nba6 22.Bxe7 Qxe7
23.Ne3 Ra7 24.Ng4 h5 25.Ne3 Nb4 26.Rc3 Ba6 27.Rxc7 Rxc7 28.Rxc7 Qxc7 29.Qxb4 Qc1+
30.Qe1 Rc8 31.Bf1 Bxf1 32.Kxf1 Qb2 33.Qd2 Rc1+ 34.Ke2 Ra1 35.Kd3 Rxa2 36.Nc2 Qxb3+
37.Qc3 Rb2 38.Nxa3 Qxc3+ 39.Kxc3 Rxf2 40.Ng1 Rxh2 41.Kd3 Rb2 42.Nc2 Rb3+
43.Ke2 Rxg3 44.Nf3 Rg2+ 45.Kd3 Rf2 46.Nce1 Kh7 47.Ke3 Ra2 48.Nd3 Ra3 49.Ke2 Kh6  0-1

[Event "ch-Paris Int"]
[Site "Paris FRA"]
[Date "2010.07.11"]
[Round "9"]
[White "Lanzani,M"]
[Black "Nezad,H"]
[Result "0-1"]
[WhiteElo "2360"]
[BlackElo "2398"]

1.c4 e6 2.Nf3 d5 3.g3 Nf6 4.Bg2 Be7 5.d4 O-O 6.O-O c6 7.Qc2 Nbd7 8.Rd1 b6
9.b3 Ba6 10.Nbd2 c5 11.e4 dxc4 12.Nxc4 cxd4 13.Nxd4 Rc8 14.Qe2 b5 15.e5 bxc4
16.exf6 Bxf6 17.Be3 Qa5 18.b4 Qxb4 19.Rab1 Qa4  0-1

[Event "38th TCh-GRE DivA"]
[Site "Peristeri GRE"]
[Date "2010.07.11"]
[Round "7"]
[White "Ragger,M"]
[Black "Georgiadis,I"]
[Result "1-0"]
[WhiteElo "2614"]
[BlackElo "2457"]

1.Nf3 Nf6 2.c4 e6 3.g3 d5 4.Bg2 Be7 5.d4 O-O 6.O-O dxc4 7.Qc2 a6 8.a4 Bd7
9.Qxc4 Bc6 10.Bf4 a5 11.Nc3 Na6 12.Rae1 Bd5 13.Qb5 Bb4 14.Bg5 Bc6 15.Qc4 Bd5
16.Qd3 c5 17.e4 cxd4 18.Nxd5 exd5 19.e5 Nc5 20.Qd1 h6 21.exf6 hxg5 22.fxg7 Kxg7
23.Qxd4+ Qf6 24.Re5 Ne6 25.Qg4 Rg8 26.Rf5 Qe7 27.Nxg5 Kf8 28.Nh7+  1-0

[Event "Int ch-SVK OpenA"]
[Site "Banska Stiavnica SVK"]
[Date "2010.07.12"]
[Round "3"]
[White "Slacky,S"]
[Black "Kantorik,M"]
[Result "1/2-1/2"]
[WhiteElo "2181"]
[BlackElo "2379"]

1.d4 d5 2.c4 e6 3.Nf3 Nf6 4.g3 Be7 5.Bg2 O-O 6.O-O dxc4 7.Ne5 Nc6 8.Bxc6 bxc6
9.Nxc6 Qd7 10.Nxe7+ Qxe7 11.Qa4 Qd6 12.Qxc4 Ba6 13.Qc2 Qxd4 14.Nc3 Qc4 15.b3 Qc6
16.Ba3 Rfe8 17.Rac1 Rad8 18.Rfd1 Bb7 19.e4 Nxe4 20.Qxe4 Rxd1+ 21.Rxd1 Qxe4
22.Nxe4 Bxe4 23.Rd7 Rc8 24.Be7 f6 25.f4 a6 26.b4 Bc6 27.Rd8+ Rxd8 28.Bxd8 Bd5
29.Bxc7 Bxa2 30.Kf2 Kf7 31.g4 Ke7 32.Ke3 Kd7 33.Bb8 Bd5 34.h4 Kc6 35.Kd4 Bf3
36.g5 Kd7 37.gxf6 gxf6 38.Ba7 Bg4 39.Bb8 Ke7 40.Bc7 Kf7 41.Bd8 Kg6 42.Ke3 Kf5
43.Be7 Bd1 44.Bd8 Ba4 45.Be7  1/2-1/2

[Event "5th Nana Aleksandria Cup"]
[Site "Poti GEO"]
[Date "2010.07.12"]
[Round "2"]
[White "Arabidze,M"]
[Black "Makharadze,J"]
[Result "1/2-1/2"]
[WhiteElo "2286"]
[BlackElo "2392"]

1.d4 Nf6 2.c4 e6 3.g3 d5 4.Bg2 Be7 5.Nf3 O-O 6.O-O b6 7.Ne5 Bb7 8.Qa4 Qc8
9.cxd5 Bxd5 10.Bxd5 exd5 11.Bf4 c5 12.Nc3 c4 13.Rac1 Qb7 14.b3 cxb3 15.Qxb3 Nbd7
16.Rc2 Rfd8 17.Nb5 Rac8 18.Rfc1 Rxc2 19.Rxc2 Rc8 20.Rxc8+ Qxc8 21.Nxa7 Qb7
22.Nac6 Nxe5 23.Nxe7+ Qxe7 24.dxe5 Nd7 25.Qxd5 h6 26.Qd6 Qe6 27.Qxe6 fxe6
28.Be3 b5 29.f4 Nb8 30.Bc5 Nc6 31.Kf2 Kf7 32.g4 g6 33.Kf3 Kg7 34.Ke4 Kf7
35.h4 h5 36.gxh5 gxh5 37.f5 Nd8 38.Bb6 Nc6 39.Bc5 Nd8 40.Bd6 Nc6 41.a3 Nd8
42.Kf4 exf5 43.Kxf5 Ne6 44.Ke4 Ng7 45.Kf4 Kg6 46.e6 Nf5 47.Bc7 Nxh4 48.e4 Kg7
49.Kg5 Nf3+ 50.Kf4 Nd2 51.Be5+ Kg6 52.e7 Kf7 53.Bd6 Nc4 54.Bb4 Nb6 55.Kf5 Nd7
56.Kg5 Nf6 57.e5 Ng4 58.e6+ Ke8 59.Kxh5 Ne5 60.Kg5 Nc6 61.Kf5 Nd4+ 62.Ke5 Nxe6
63.Kd5 Kd7 64.Bd6 Ng7 65.Be5 Nf5 66.Kc5 Nxe7 67.Kxb5 Nd5 68.a4 Nc3+ 69.Bxc3 Kc7  1/2-1/2

[Event "29th Jacques Lemans Open"]
[Site "St Veit SUI"]
[Date "2010.07.12"]
[Round "3"]
[White "Schein,KH"]
[Black "Wertjanz,Dav"]
[Result "1/2-1/2"]
[WhiteElo "2249"]
[BlackElo "2175"]

1.d4 Nf6 2.c4 e6 3.g3 d5 4.Nf3 Be7 5.Bg2 Nbd7 6.O-O c6 7.Nbd2 O-O 8.Qc2 b6
9.e4 Ba6 10.Re1 Rc8 11.b3 c5 12.e5 Ne8 13.Bb2 cxd4 14.Nxd4 b5 15.Qd1 bxc4
16.bxc4 Bxc4 17.Nxc4 Rxc4 18.Bf1 Rc7 19.a4 Bb4 20.Re3 a5 21.Ba3 Bxa3 22.Raxa3  1/2-1/2

[Event "85th ch-ARG"]
[Site "Buenos Aires ARG"]
[Date "2010.07.13"]
[Round "8"]
[White "Ponzo,F"]
[Black "Cereijo,N"]
[Result "1-0"]
[WhiteElo "2027"]
[BlackElo "2139"]

1.Nf3 d5 2.d4 e6 3.g3 Nf6 4.Bg2 Be7 5.c4 O-O 6.Nc3 dxc4 7.Qa4 a6 8.Qxc4 b5
9.Qd3 Bb7 10.Be3 Nbd7 11.Rc1 Rc8 12.O-O c5 13.dxc5 Nxc5 14.Qxd8 Rfxd8 15.a3 Nb3
16.Rcd1 Nd5 17.Nxd5 Bxd5 18.Nd4 Bxg2 19.Kxg2 Na5 20.Bd2 Nc4 21.Bc3 Nxa3 22.Ba5 Nc4
23.Bxd8 Bxd8 24.b3 Na5 25.Rc1 Ra8 26.Rc2 Bf6 27.Rfc1 Rf8 28.Ra2 Bxd4 29.Rxa5 b4
30.Rxa6 g6 31.Rc7 Rd8 32.Rxe6 Rd5 33.Ree7 Rf5 34.f4 h6 35.e4 Rf6 36.e5  1-0

[Event "85th ch-ARG"]
[Site "Buenos Aires ARG"]
[Date "2010.07.13"]
[Round "8"]
[White "Mareco,S"]
[Black "Valerga,D"]
[Result "1/2-1/2"]
[WhiteElo "2527"]
[BlackElo "2506"]

1.d4 d5 2.c4 e6 3.Nf3 Nf6 4.g3 Be7 5.Bg2 O-O 6.O-O dxc4 7.Qc2 a6 8.Qxc4 b5
9.Qc2 Bb7 10.Bd2 Ra7 11.Rc1 Be4 12.Qd1 Nbd7 13.Ba5 Qb8 14.Nbd2 Ba8 15.Nb3 Bd5
16.Ne1 Nb6 17.Bxd5 Nfxd5 18.e4 Nf6 19.Qe2 Nc4 20.Nd3 c5 21.dxc5 Rc8 22.a4 Nxa5
23.Nxa5 bxa4 24.Rxa4 Qb5 25.Ra3 Rxc5 26.Rxc5 Bxc5 27.Rb3 Qxa5 28.Nxc5 h6
29.Rb8+  1/2-1/2

[Event "85th ch-ARG"]
[Site "Buenos Aires ARG"]
[Date "2010.07.13"]
[Round "8"]
[White "Fabian,G"]
[Black "Fiori,A"]
[Result "1-0"]
[WhiteElo "2260"]
[BlackElo "2166"]

1.d4 d5 2.c4 e6 3.Nf3 Nf6 4.g3 Be7 5.Bg2 O-O 6.O-O c6 7.Qc2 Nbd7 8.Nbd2 b6
9.e4 dxe4 10.Nxe4 Bb7 11.Rd1 Nxe4 12.Qxe4 Qc7 13.Bf4 Bd6 14.Bxd6 Qxd6 15.Ne5 Nf6
16.Qf3 Rac8 17.c5 Qe7 18.Nc4 bxc5 19.Qa3 Rc7 20.dxc5 Nd5 21.Nd6 Ra8 22.Qa5 Rd7
23.Rac1 Qd8 24.Qxd8+ Raxd8 25.Bxd5 exd5 26.b4 Kf8 27.a4 a6 28.Rb1 g6 29.f4 Bc8
30.Kf2 Ke7 31.Re1+ Kf6 32.Ne8+ Rxe8 33.Rxe8 Rc7 34.Ke3 Bf5 35.Rb2 Rb7 36.Kd4 h5
37.Re5 Ra7 38.Re8 Bd7 39.Rb8 Bf5 40.Re2 Bd7 41.Rb6 Ra8 42.b5 axb5 43.axb5 Ra4+
44.Ke3 d4+ 45.Kf2 d3 46.Rd2 Kf5 47.bxc6 Be6 48.c7  1-0

[Event "ZDMI Open"]
[Site "Dresden GER"]
[Date "2010.07.13"]
[Round "4"]
[White "Meier,Geo"]
[Black "Schloetzer,W"]
[Result "1-0"]
[WhiteElo "2648"]
[BlackElo "2282"]

1.d4 d5 2.Nf3 Nf6 3.c4 e6 4.g3 Be7 5.Bg2 O-O 6.O-O Nbd7 7.Qc2 c6 8.Nbd2 b6
9.e4 Bb7 10.e5 Ne8 11.cxd5 exd5 12.Re1 Nc7 13.Nf1 Ne6 14.Ne3 g6 15.b3 c5
16.Bb2 Rc8 17.Qe2 cxd4 18.Nxd4 Ndc5 19.Rad1 Ba6 20.Qg4 h5 21.Nxe6 Nxe6 22.Qa4 Nc5
23.Qa3 Nd3 24.Qxa6 Nxb2 25.Nxd5 Kg7 26.Rb1  1-0

[Event "ch-TUR w"]
[Site "Konya TUR"]
[Date "2010.07.13"]
[Round "7"]
[White "Ozturk,Ku"]
[Black "Yolal,Sena Gokcen"]
[Result "1-0"]
[WhiteElo "2286"]
[BlackElo "1662"]

1.d4 d5 2.c4 e6 3.Nf3 Nf6 4.g3 Be7 5.Bg2 O-O 6.O-O b6 7.Nc3 Bb7 8.cxd5 exd5
9.Ne5 Nbd7 10.Qa4 Nxe5 11.dxe5 Nd7 12.Nxd5 c6 13.Nxe7+ Qxe7 14.f4 b5 15.Qc2 Nb6
16.Be3 Nc4 17.Bf2 Rfd8 18.Rfd1 g6 19.b3 Nb6 20.Rxd8+ Rxd8 21.Rd1 Rc8 22.Bh3 Rc7
23.Bc5 Qe8 24.Qd2  1-0

[Event "Open A"]
[Site "Oberwart AUT"]
[Date "2010.07.13"]
[Round "1"]
[White "Karner,C"]
[Black "Odor,I"]
[Result "0-1"]
[WhiteElo "2345"]
[BlackElo "2006"]

1.d4 d5 2.c4 e6 3.Nf3 Nf6 4.g3 Be7 5.Bg2 O-O 6.O-O dxc4 7.Ne5 c6 8.Nxc4 b5
9.Ne5 Bb7 10.Nc3 Qb6 11.Bf4 Rd8 12.Qb3 Nbd7 13.a4 b4 14.a5 Qa6 15.Na4 c5
16.Bxb7 Qxb7 17.a6 Qe4 18.Nxd7 Nxd7 19.dxc5 Nxc5 20.Nxc5 Bxc5 21.Qf3 Qxf3
22.exf3 Bd4 23.Ra4 e5 24.Be3 Rab8 25.Rd1 Bxe3 26.Rxd8+ Rxd8 27.fxe3 Rd1+
28.Kf2 Rd2+ 29.Ke1 Rxb2 30.Ra5 g6 31.Rxe5 Rxh2 32.Rb5 Ra2 33.Rxb4 Rxa6 34.Ke2 h5
35.Rb2 Ra3 36.Kf2 a5 37.f4 a4 38.e4 Rb3 39.Rc2 a3 40.Rc8+ Kg7 41.e5 Rb2+
42.Kf3 Rb3+ 43.Kg2 Rb1 44.Ra8 Ra1 45.Ra7 Kf8 46.Kh2 a2 47.Kg2 Ke8 48.Ra8+ Kd7
49.Ra6 Kc7 50.Ra7+ Kb6 51.Ra8 Kb5 52.Ra7 Kb4 53.Ra8 Kc3 54.Rc8+ Kb2 55.Rb8+ Kc3
56.Rc8+ Kd3 57.Ra8 Ke4 58.Ra4+ Kf5 59.Ra5 h4 60.e6+ Kxe6 61.gxh4 Kf6 62.Kh2 Kg7
63.Kg2 f5 64.Ra8 Kf7 65.Ra6 Ke7 66.Ra4 Kd6 67.Ra5 Kc6 68.Ra8 Kb5 69.Ra7 Kc4
70.Ra8 Kd3 71.Ra7 Ke4 72.Ra4+ Ke3 73.Ra3+ Kxf4 74.Ra4+ Ke3 75.Ra3+ Ke2 76.Ra4 f4
77.Rxf4 Rg1+ 78.Kxg1 a1=Q+ 79.Kg2 Qa8+ 80.Kg3 Ke3 81.Rf6 Qe4 82.Rf1 Ke2 83.Rf2+ Ke1
84.Rf3 Qe5+ 85.Kg2 Qd5 86.Kg3 Ke2 87.Rf2+ Ke3 88.Rf1 Qe5+ 89.Kg2 Qb2+ 90.Kg3 Qe2
91.Rf6 Qe1+ 92.Kh3 Qh1+ 93.Kg3 Qg1+ 94.Kh3 g5 95.hxg5 Qxg5 96.Ra6 Qf5+ 97.Kh4 Qf2+
98.Kg5 Qf4+ 99.Kg6 Qg4+ 100.Kf7 Qd7+ 101.Kf6 Kf4 102.Re6 Qh7 103.Rd6 Qf5+
104.Ke7 Ke5 105.Rd7 Qg6 106.Kd8 Qf6+ 107.Kc7 Qh4 108.Kc6 Qc4+ 109.Kb7 Ke6
110.Rc7 Qb5+ 111.Ka8 Kd6 112.Rb7 Qa6+ 113.Kb8 Qa5 114.Ra7 Qb6+ 115.Rb7 Qd8+
116.Ka7 Kc6 117.Rb1 Qa5+ 118.Kb8 Qd2 119.Rb7 Qd8+ 120.Ka7 Kc5 121.Rb1 Qd4
122.Rb7 Qg1 123.Kb8 Qh2+ 124.Ka7 Qa2+ 125.Kb8 Qg8+ 126.Ka7 Qd5 127.Kb8 Kc6
128.Ka7 Qc5+ 129.Kb8 Qa5 130.Rb1 Qa6 131.Rc1+ Kd6 132.Rc7 Kd5 133.Rd7+ Ke6
134.Rc7 Kd6 135.Rd7+ Kc5 136.Rc7+ Kb5 137.Rb7+ Kc6 138.Rc7+ Kd5 139.Rd7+ Ke6
140.Rc7 Qb6+ 141.Rb7 Qd8+ 142.Ka7 Kd6 143.Rb6+ Kc7 144.Rc6+ Kxc6  0-1

[Event "ZDMI Open"]
[Site "Dresden GER"]
[Date "2010.07.14"]
[Round "5"]
[White "Lysyj,I"]
[Black "Jojua,D"]
[Result "1-0"]
[WhiteElo "2631"]
[BlackElo "2530"]

1.d4 d5 2.c4 e6 3.Nf3 Nf6 4.g3 Be7 5.Bg2 O-O 6.O-O dxc4 7.Qc2 a6 8.a4 Bd7
9.Qxc4 Bc6 10.Bf4 a5 11.Nc3 Na6 12.Rac1 Nb4 13.Ne5 Bxg2 14.Kxg2 Nfd5 15.Nxd5 Qxd5+
16.Qxd5 Nxd5 17.Bd2 c6 18.Rfd1 Rfd8 19.e3 Nb4 20.b3 Na2 21.Ra1 Nb4 22.Nc4 f6
23.g4 Kf7 24.h3 h5 25.Kf3 hxg4+ 26.hxg4 Nc2 27.Rac1 Nb4 28.Ke2 Na2 29.Ra1 Nb4
30.Rh1 c5 31.Bxb4 axb4 32.dxc5 Bxc5 33.Rac1 Rd5 34.Rhd1 Rxd1 35.Rxd1 Ke7
36.Rc1 b6 37.Nb2 Bd6 38.Nd3 Rb8 39.Kf3 b5 40.a5 Ra8 41.Ra1 Ra6 42.Ke4 Kf7
43.f4 Bc7 44.Nxb4 Rxa5 45.Rxa5 Bxa5 46.Nc6 Bb6 47.Kd3 f5 48.gxf5 exf5 49.Nd4 Kf6
50.Nxb5 g5 51.Nc3 Bc5 52.Nd5+ Kg6 53.Kc4 Ba7 54.fxg5 Kxg5 55.b4 Kg4 56.b5 Kf3
57.Kd3 Bc5 58.b6 Kg2 59.b7 Bd6 60.Kd4 Bb8 61.Nb4 Kf3 62.Nc6 Bc7 63.b8=Q Bxb8
64.Nxb8 f4 65.e4 Kg3 66.Nc6 f3 67.Ne7 f2 68.Nf5+ Kf3 69.Ne3  1-0

[Event "3rd Open"]
[Site "Paracin SRB"]
[Date "2010.07.14"]
[Round "7"]
[White "Strebkovs,A"]
[Black "Rajkovic,B"]
[Result "1-0"]
[WhiteElo "2325"]
[BlackElo "2175"]

1.d4 d5 2.Nf3 Nf6 3.c4 e6 4.g3 Be7 5.Bg2 O-O 6.O-O Nbd7 7.b3 dxc4 8.bxc4 c5
9.e3 Qc7 10.d5 Ne5 11.Na3 exd5 12.cxd5 Bg4 13.Bb2 Nxf3+ 14.Bxf3 Bh3 15.Re1 Rfd8
16.e4 c4 17.Rc1 b5 18.Nxb5 Qb6 19.a4 Rac8 20.Bd4 Bc5 21.Rxc4 Bxd4 22.Qxd4 Qxd4
23.Rxd4 a6 24.e5 axb5 25.exf6 bxa4 26.Rxa4 gxf6 27.Ra7 Rd7 28.Rxd7 Bxd7 29.Kg2 Kf8
30.Re4 Rc3 31.Rf4 Kg7 32.Be4 Rc5 33.g4 h6 34.Kg3 Rc1 35.h3 Rg1+ 36.Kf3 Rh1
37.Kg2 Rd1 38.Bf3 Rd3 39.Rc4 f5 40.Rc7 fxg4 41.hxg4 Ba4 42.Be4 Rd2 43.Kf3 Bb5
44.Rc5 Bd7 45.Ke3 Rd1 46.Kf4 Kf6 47.Ra5 Ke7 48.Ra6 f6 49.Ra8 Be8 50.Ra7+ Bd7
51.f3 Kd6 52.Ra8 Rd2 53.Rf8 Ke7 54.Rh8 Rh2 55.Rh7+ Kd8 56.d6 h5 57.Rh8+  1-0

[Event "Maria Albulet Mem"]
[Site "Braila ROU"]
[Date "2010.07.15"]
[Round "1"]
[White "Dragomirescu,An"]
[Black "Makropoulou,M"]
[Result "0-1"]
[WhiteElo "2215"]
[BlackElo "2245"]

1.d4 Nf6 2.c4 e6 3.g3 d5 4.Nf3 Be7 5.Bg2 c6 6.b3 O-O 7.O-O Nbd7 8.Bb2 b6
9.Nbd2 Ba6 10.Ne5 Nxe5 11.dxe5 Nd7 12.Qc2 Rc8 13.Rac1 b5 14.f4 bxc4 15.bxc4 Bc5+
16.Kh1 Be3 17.Rb1 Bxd2 18.Qxd2 Bxc4 19.f5 exf5 20.Rxf5 Qe7 21.Bh3 f6 22.Rh5 fxe5
23.Bxd7 Qxd7 24.Bxe5 Rf5 25.Rg5 Rxg5 26.Qxg5 Bxe2 27.Qe3 Qf5 28.Rc1 Qf3+
29.Qxf3 Bxf3+ 30.Kg1 c5 31.Bd4 c4 32.Kf2 Be4 33.Rc3 a6 34.Ra3 Rc6 35.Ke1 Kf7
36.h4 g6 37.Kd2 Ke6 38.Ke3 Kf5 39.Kd2 Kg4 40.Be5 Re6 41.Bd4 Bf3  0-1

[Event "ZDMI Open"]
[Site "Dresden GER"]
[Date "2010.07.15"]
[Round "6"]
[White "Meier,Geo"]
[Black "Iljin,A"]
[Result "1/2-1/2"]
[WhiteElo "2648"]
[BlackElo "2546"]

1.d4 Nf6 2.c4 e6 3.g3 d5 4.Nf3 Be7 5.Bg2 O-O 6.O-O dxc4 7.Qc2 a6 8.a4 Bd7
9.Rd1 Bc6 10.Nc3 Bb4 11.Bg5 h6 12.Bxf6 Qxf6 13.e4 Rd8 14.Ne5 Bf8 15.Qe2 Be8
16.f4  1/2-1/2

[Event "5th Nana Aleksandria Cup"]
[Site "Poti GEO"]
[Date "2010.07.15"]
[Round "5"]
[White "Makharadze,J"]
[Black "Nikolashvili,G"]
[Result "1/2-1/2"]
[WhiteElo "2392"]
[BlackElo "2302"]

1.d4 Nf6 2.c4 e6 3.g3 Be7 4.Bg2 d5 5.Nf3 O-O 6.O-O dxc4 7.Ne5 c5 8.dxc5 Qc7
9.Nxc4 Qxc5 10.b3 Rd8 11.Qe1 Nc6 12.Ba3 Nb4 13.Nc3 Qh5 14.Rd1 Bd7 15.Bxb4 Bxb4
16.a3 Be7 17.Ne4 Nxe4 18.Bxe4 Rab8 19.Bf3 Qc5 20.Rc1 Qg5 21.b4 b6 22.h4 Qf6
23.Qd2 Bc6 24.Qe3 Bxf3 25.exf3 Bd6 26.Rfd1 Qe7 27.f4 h6 28.f5 Bc7 29.fxe6 Qxe6
30.Qxe6 fxe6 31.b5 Rd5 32.a4 Rbd8 33.Re1 Kf7 34.Ne3 R5d7 35.Rc6 Re7 36.Rd1 Rxd1+
37.Nxd1 Rd7 38.Ne3 Be5 39.Nc4 Bd4 40.Kg2 Ke7 41.h5 Kf6 42.f4 Bc5 43.Ne5 Rd2+
44.Kf3 Bd4 45.Nd7+ Ke7 46.Rc7 Kd6 47.Rxa7 Ra2 48.Nf8 e5 49.Rd7+ Kc5 50.Ne6+ Kc4
51.fxe5 Bxe5 52.g4 Rxa4 53.Nxg7 Bf6 54.Ne6 Ra1 55.Rd6 Kxb5 56.Ke4 Ka5 57.Kf5 Bc3
58.Nf4 Rf1 59.Ke4 b5 60.Nd5 Bd2 61.Ne3 Rf2 62.Rd3 Ka4 63.Nd1 Rf4+ 64.Ke5 Bc1
65.Nc3+ Ka5 66.Rd1 Rxg4 67.Rxc1 Rg5+ 68.Kd6 Rxh5 69.Nd5 Ka4 70.Rb1 Rh2 71.Nc3+ Ka3
72.Nxb5+ Ka4 73.Nc3+ Ka3 74.Nb5+ Ka2 75.Nc3+ Ka3 76.Kc5 Rh5+ 77.Kc4 Rh4+
78.Kd3 Rh3+ 79.Kd4 Rh4+ 80.Ne4 Ka2 81.Rb6 Ka3 82.Kd3 Rh3+ 83.Kc2 Rh2+ 84.Nd2 Ka4
85.Rb8 Ka3 86.Kc3 Rh3+ 87.Kc4 Rh4+ 88.Kc5 Rh5+ 89.Kd4 Rh4+ 90.Ne4 Ka2 91.Kd3 Rh3+
92.Kc2 Rh2+ 93.Nd2 Ka3 94.Rb6 Ka4 95.Re6 Ka3 96.Re4 Rg2 97.Kc3 Rg3+ 98.Kc4 Rh3
99.Rf4 Rg3 100.Ne4 Rh3 101.Nf2 Rg3 102.Nd3 Rh3 103.Rf8 Rh4+ 104.Kc3 Ka4 105.Nb2+ Kb5
106.Rf5+ Kc6 107.Nd3 Kd6 108.Nf4 Rh1 109.Kd4 Rd1+ 110.Nd3 Rh1 111.Rf6+ Ke7
112.Ra6 Rh4+ 113.Kd5 Rh1 114.Re6+ Kd8 115.Ra6 Rd1  1/2-1/2

[Event "2nd Open"]
[Site "Rethymno GRE"]
[Date "2010.07.15"]
[Round "4"]
[White "Smirnov,Arte"]
[Black "Royset,P"]
[Result "1-0"]
[WhiteElo "2446"]
[BlackElo "2152"]

1.c4 e6 2.Nf3 d5 3.d4 Nf6 4.g3 Be7 5.Bg2 O-O 6.O-O c6 7.Qc2 Ne4 8.Nbd2 f5
9.Ne5 Nd7 10.Nd3 Bf6 11.Nf3 g5 12.b3 g4 13.Nfe5 Nxe5 14.dxe5 Be7 15.Bb2 Bd7
16.Rad1 b5 17.Nf4 bxc4 18.bxc4 Qb6 19.Bd4 Qa5 20.Qc1 Qxa2 21.f3 gxf3 22.exf3 Ng5
23.Nh5 Nf7 24.g4 c5 25.Bf2 Ba4 26.gxf5 Bxd1 27.Qxd1 Qxc4 28.f4 Nh6 29.f6 Bd8
30.Bh3 d4 31.Qf3 Rb8 32.Qg2+ Kf7 33.Qg7+ Ke8 34.Qxh6 Rg8+ 35.Ng7+ Kd7 36.f7 Rxg7+
37.Qxg7 Be7 38.Bh4 Bf8 39.Qf6 Qb3 40.Bg2 a5 41.f5 a4 42.fxe6+ Qxe6 43.Qf3 Kc7
44.Bh3 Qg6+ 45.Bg3 Rb3 46.Qf4 Kb6 47.e6 Ka5 48.e7 Bxe7 49.Qc7+ Kb4 50.Qxe7 Rxg3+
51.hxg3 Qxg3+ 52.Bg2  1-0

[Event "Aegean Open"]
[Site "Agios Kirykos GRE"]
[Date "2010.07.16"]
[Round "4"]
[White "Tepelenis,N"]
[Black "Ikonomopoulou,M"]
[Result "1/2-1/2"]
[WhiteElo "2224"]
[BlackElo "2066"]

1.d4 Nf6 2.c4 e6 3.g3 d5 4.Bg2 Be7 5.Nf3 O-O 6.O-O dxc4 7.Qc2 a6 8.a4 Bd7
9.Qxc4 Bc6 10.Bg5 Nbd7 11.Nc3 Rc8 12.Rfd1 Nd5 13.Bd2 Nxc3 14.Qxc3 Bf6 15.Qc2 Bxf3
16.Bxf3 Bxd4 17.Bxb7 Rb8 18.Bxa6  1/2-1/2

[Event "Open A"]
[Site "Oberwart AUT"]
[Date "2010.07.16"]
[Round "4"]
[White "Shimanov,A"]
[Black "Shengelia,D"]
[Result "1-0"]
[WhiteElo "2519"]
[BlackElo "2582"]

1.d4 d5 2.c4 e6 3.Nf3 Nf6 4.g3 Be7 5.Bg2 O-O 6.O-O dxc4 7.Qc2 a6 8.a4 Bd7
9.Qxc4 Bc6 10.Bg5 a5 11.Nc3 Na6 12.Bxf6 Bxf6 13.e4 Nb4 14.Rad1 Ra6 15.Rd2 Rb6
16.Rfd1 g6 17.h4 Re8 18.Nh2 Bg7 19.Ng4 h5 20.Ne3 Bh6 21.f4 Qe7 22.Kh2 Rd8
23.d5 Be8 24.dxe6 Rxd2 25.Rxd2 fxe6 26.e5 Bc6 27.Bh3 Kf7 28.Nb5 Na6 29.Nd4 Nc5
30.Nb5 Bxb5 31.axb5 c6 32.bxc6 Rxc6 33.Qb5 Qc7 34.Bg2 Ra6 35.Rc2 Bf8 36.Nc4 Qd7
37.Qxd7+ Nxd7 38.Bxb7 Ra7 39.Bc6 Bb4 40.Nd6+ Kg7 41.Nb5  1-0

[Event "Open A"]
[Site "Oberwart AUT"]
[Date "2010.07.16"]
[Round "4"]
[White "Serov,M"]
[Black "Menezes,C"]
[Result "1-0"]
[WhiteElo "2347"]
[BlackElo "1947"]

1.d4 Nf6 2.Nf3 e6 3.c4 d5 4.g3 Be7 5.Bg2 O-O 6.Qc2 c5 7.dxc5 Qa5+ 8.Nbd2 Qxc5
9.a3 dxc4 10.Qxc4 Nc6 11.Qxc5 Bxc5 12.b4 Bb6 13.Bb2 Bd7 14.O-O Rac8 15.Rfd1 Rfd8
16.Nc4 Bc7 17.Rac1 Be8 18.Rxd8 Rxd8 19.Nfe5 Nd5 20.Nd3 Nce7 21.Nc5 Bc6 22.e4 Nf6
23.Be5 Bxe5 24.Nxe5 Rc8 25.Nxc6 bxc6 26.Rd1 Kf8 27.f4 Ke8 28.Nb7 Rb8 29.Nd6+ Kf8
30.Rc1 Rd8 31.e5 Nfd5 32.Kf2 Ra8 33.Rc5 f6 34.Bh3 fxe5 35.fxe5 Ng6 36.Nc4 Nc3
37.Rxc6  1-0

[Event "2nd Open"]
[Site "Rethymno GRE"]
[Date "2010.07.16"]
[Round "5"]
[White "Sargissian,G"]
[Black "Svetushkin,D"]
[Result "1/2-1/2"]
[WhiteElo "2673"]
[BlackElo "2560"]

1.d4 Nf6 2.c4 e6 3.Nf3 d5 4.g3 Be7 5.Bg2 O-O 6.O-O dxc4 7.Qc2 a6 8.a4 Bd7
9.Qxc4 Bc6 10.Bf4 Nbd7 11.Nc3 Nb6 12.Qb3 Nbd5 13.Bd2 Nxc3 14.bxc3 Be4 15.Ne5 c5
16.Bxe4 Nxe4 17.Qxb7 Nxd2 18.Nc6 Qd6 19.Nxe7+ Kh8 20.Rfd1 Nc4 21.dxc5 Qxc5
22.Nc6 Ne5 23.Nxe5 Qxe5 24.Rd7 Qxc3 25.Rad1 Qf6 26.Rc7 h6 27.Kg2 Qe5 28.Rxf7 Qxe2
29.Rd6 Rab8 30.Qf3 Qxf3+ 31.Rxf3 Rxf3 32.Kxf3 Rb3+ 33.Kg2 e5 34.Rxa6 Ra3
35.a5 e4 36.Kf1 e3 37.f4 Ra2 38.h3 Kh7 39.Ke1 h5 40.Ra8 Rg2 41.Re8 Rxg3 42.h4 Rh3
43.Re4 Rh1+ 44.Ke2 Ra1 45.Re5 Ra3 46.Rxh5+ Kg6 47.Re5 Kh6 48.Kf3 Kh7 49.Rb5 Kh6
50.Rc5 Kg6 51.Ke2 Kh6 52.Rg5 Kh7 53.Re5 Kg6 54.Rd5 Kh6 55.Kf3 Kg6 56.Rc5 Kh6
57.Rg5 Kh7 58.Re5 Kg6 59.Re6+ Kf5 60.Ra6 e2+ 61.Kxe2 Kxf4 62.Ra7 g6 63.Ra6 Kf5  1/2-1/2

[Event "29th Jacques Lemans Open"]
[Site "St Veit SUI"]
[Date "2010.07.16"]
[Round "7"]
[White "Hartl,D"]
[Black "Wertjanz,Dav"]
[Result "1-0"]
[WhiteElo "2202"]
[BlackElo "2175"]

1.d4 Nf6 2.c4 e6 3.g3 d5 4.Nf3 Be7 5.Bg2 O-O 6.O-O Nbd7 7.Qc2 c6 8.Nbd2 b6
9.e4 Ba6 10.b3 Rc8 11.Bb2 c5 12.exd5 exd5 13.Qf5 g6 14.Qh3 cxd4 15.Nxd4 Nc5
16.Rad1 Nd3 17.Ba1 dxc4 18.Nxc4 b5 19.Ne3 Rc5 20.Nc6 Rxc6 21.Bxc6 b4 22.Qh6 Qc8
23.Nd5 Qe6 24.Nxe7+ Qxe7 25.Qg5 Kg7 26.Be4 Rd8 27.Bxd3 Rxd3 28.Rxd3 Bxd3
29.Rd1 Bc2 30.Rc1 Bd3 31.Qe5 Qd8 32.Rd1  1-0

[Event "5th Summer Cup"]
[Site "Porto Carras GRE"]
[Date "2010.07.18"]
[Round "9"]
[White "Urosevic,G"]
[Black "Spiropoulos,P"]
[Result "1/2-1/2"]
[WhiteElo "2225"]
[BlackElo "2144"]

1.d4 d5 2.Nf3 Nf6 3.c4 e6 4.g3 Be7 5.Bg2 O-O 6.O-O dxc4 7.Qc2 a6 8.a4 Bd7
9.Qxc4 Bc6 10.Nc3 Nbd7 11.Bf4 Bd6 12.Bg5 h6 13.Bxf6 Nxf6 14.Qd3 Bb4 15.Ne5 Bxg2
16.Kxg2 Bxc3 17.bxc3 Qd5+ 18.f3 Rfd8 19.Rfd1 c5 20.e4 Qd6 21.Nxf7 Kxf7 22.e5 Qc7
23.exf6 Kxf6 24.Qe4 cxd4 25.cxd4 Rd5 26.Rab1 b5 27.Re1 Qd6 28.axb5 axb5 29.Rxb5 Ra2+
30.Re2 Rxe2+ 31.Qxe2 Rxb5 32.Qxb5 Qxd4 33.Qh5 Qd2+ 34.Kh3 Qd3 35.Qh4+  1/2-1/2

[Event "MTO"]
[Site "Biel SUI"]
[Date "2010.07.19"]
[Round "1"]
[White "Maze,S"]
[Black "Saevareid,O"]
[Result "1-0"]
[WhiteElo "2573"]
[BlackElo "2146"]

1.d4 d5 2.c4 e6 3.Nf3 Nf6 4.g3 Be7 5.Bg2 O-O 6.O-O dxc4 7.Qc2 a6 8.a4 Bd7
9.Qxc4 Bc6 10.Bf4 a5 11.Nc3 Na6 12.Rfe1 Nb4 13.Rac1 Rc8 14.e4 b6 15.Ne5 Bb7
16.Rcd1 Ba6 17.Qb3 Nd7 18.Nc4 Bg5 19.Bxg5 Qxg5 20.h4 Qe7 21.e5 Rfd8 22.Nb5 Bxb5
23.axb5 Nf8 24.Ne3 Qe8 25.Qc4 Ng6 26.h5 Ne7 27.h6 g6 28.Ng4 Ned5 29.Rc1 Kh8
30.Qe2 Qe7 31.Bxd5 Rxd5 32.Red1 Qg5 33.Qf3 Qe7 34.Ne3 Rxb5 35.Rxc7  1-0

[Event "2nd Open"]
[Site "Rethymno GRE"]
[Date "2010.07.19"]
[Round "8"]
[White "D'Costa,L"]
[Black "Bomans,A"]
[Result "1-0"]
[WhiteElo "2456"]
[BlackElo "2190"]

1.d4 Nf6 2.c4 e6 3.g3 d5 4.Nf3 Be7 5.Bg2 O-O 6.O-O dxc4 7.Qc2 a6 8.a4 Bd7
9.Qxc4 Bc6 10.Bf4 Nbd7 11.Nc3 Rc8 12.Qd3 Bb4 13.Rfd1 Qe7 14.b3 Bxc3 15.Qxc3 Nd5
16.Qc2 Nxf4 17.gxf4 Nf6 18.Rac1 Rfd8 19.e3 Be4 20.Qc5 Qxc5 21.Rxc5 b6 22.Rcc1 Bd5
23.Rd3 Nd7 24.Rdc3 c5 25.b4 c4 26.b5 axb5 27.axb5 Ra8 28.Nd2 f5 29.Nxc4 Rdc8
30.Bxd5 exd5 31.Nd6 Rxc3 32.Rxc3 Ra1+ 33.Kg2  1-0

[Event "2nd Artemis Cup"]
[Site "Leros GRE"]
[Date "2010.07.20"]
[Round "9"]
[White "Mastrovasilis,A"]
[Black "Mamedjarova,T"]
[Result "1-0"]
[WhiteElo "2539"]
[BlackElo "2280"]

1.d4 d5 2.Nf3 Nf6 3.c4 e6 4.g3 Be7 5.Bg2 O-O 6.O-O c6 7.Qc2 Nbd7 8.Nbd2 Qc7
9.e4 dxe4 10.Nxe4 Nxe4 11.Qxe4 c5 12.Bg5 Nf6 13.Qe5 Qb6 14.dxc5 Qxc5 15.b3 Qxe5
16.Nxe5 Bd6 17.Rfe1 a5 18.Rad1 Bb4 19.Bd2 Bc5 20.Bc3 Ra6 21.Re2 Re8 22.g4 Kf8
23.Bf3 Ke7 24.g5 Nd7 25.Bxb7 Nxe5 26.Bxa6 Nf3+ 27.Kg2 Nh4+ 28.Kh3 Ng6 29.Bxc8 Nf4+
30.Kg4 Nxe2 31.Bxg7  1-0

[Event "Open A"]
[Site "Oberwart AUT"]
[Date "2010.07.20"]
[Round "8"]
[White "Menezes,C"]
[Black "Wagner,Stef AUT"]
[Result "1/2-1/2"]
[WhiteElo "1947"]
[BlackElo "2159"]

1.d4 Nf6 2.c4 e6 3.Nf3 d5 4.g3 Be7 5.Bg2 O-O 6.O-O Nbd7 7.Qc2 c6 8.Nbd2 b6
9.e4 dxe4 10.Nxe4 Bb7 11.Rd1 Nxe4 12.Qxe4 Nf6 13.Qc2 Qc8 14.c5 bxc5 15.dxc5 Rd8
16.Bd2 a5 17.b3 Nd5 18.a3 Bf6 19.Rab1 Qc7 20.Bg5 Qe7 21.Bxf6 Qxf6 22.Nd2 Qc3
23.Qc1 Ba6 24.Bf1 Bxf1 25.Nxf1 Rdb8 26.Nd2 Rb5 27.Ne4 Qf3 28.Nd2 Qc3 29.Ne4 Qf3
30.Nd2 Qc3 31.Ne4  1/2-1/2

[Event "XIV Battle Of Senta"]
[Site "Senta SRB"]
[Date "2010.07.20"]
[Round "5"]
[White "Pavlov,S2"]
[Black "Sutorikhin,V"]
[Result "1-0"]
[WhiteElo "2524"]
[BlackElo "2333"]

1.c4 e6 2.Nf3 d5 3.g3 Nf6 4.Bg2 Be7 5.d4 O-O 6.O-O c6 7.b3 Nbd7 8.a4 a5 9.Ba3 Bxa3
10.Nxa3 Re8 11.Ne5 Nxe5 12.dxe5 Nd7 13.f4 f6 14.e4 fxe5 15.cxd5 exd5 16.exd5 exf4
17.Rxf4 Ne5 18.Nc4 Nxc4 19.bxc4 Qb6+ 20.Kh1 Bd7 21.Rb1 Qa7 22.Qh5 g6 23.Qh6 Rf8
24.Rbf1 Qc5 25.Bh3 Rxf4 26.Rxf4 Bxh3 27.Qxh3 Re8 28.Qd7 Rf8 29.Qe6+ Kg7 30.Rxf8 Qxf8
31.Kg2 cxd5 32.cxd5 Qc5 33.d6 Qc6+ 34.Kh3 Qc1 35.Qe7+ Kg8 36.d7 Qf1+ 37.Kh4  1-0